000 01214nam2a22002651 4500
001 RU\NLR\INFOCOMM7\5000011782
005 20250617013717.0
035 _a(NLR Aleph) 002349915
090 _a4509221
_c4509221
100 _a20041117d1892 |||y0rusy50 ca
101 0 _arus
102 _aRU
105 _ay ||||000|y
200 1 _aПсихопатка
_fЯ.П. Полонский
210 _d1892
_aБ. м.
423 0 _12001#$aМолодые дворяне$fА.И. Леман
_1700#1$aЛеман$bА.И.
_tМолодые дворяне
_aЛеман, А.И.
461 0 _1001RU\NLR\INFOCOMM7\5000011339
_12001#$aСобрание романов Родины$eПроизведения русских писателей$eБеспл. прил. к журн. "Родина"$v1892, №10
_94508114
_cСПб.
_d1887-1908
_nА.А. Каспари
_oПроизведения русских писателей : Беспл. прил. к журн. "Родина"
_tСобрание романов Родины
_v1892, №10
700 1 _aПолонский
_bЯ.П.
_4070
801 1 _aRU
_bInfoComm
_c20041117
801 0 _aRU
_bNLR
_gPSBO
852 _aNLR
_j2/1459
942 _cISSUE
980 _aNB
980 _aRUSPER